Entrepreneurship in India (Record no. 188648)

MARC details
000 -LEADER
fixed length control field 00393nam a2200145Ia 4500
005 - DATE AND TIME OF LATEST TRANSACTION
control field 20250329100014.0
008 - FIXED-LENGTH DATA ELEMENTS--GENERAL INFORMATION
fixed length control field 231217s9999 xx 000 0 und d
020 ## - INTERNATIONAL STANDARD BOOK NUMBER
International Standard Book Number 9788131416143
082 ## - DEWEY DECIMAL CLASSIFICATION NUMBER
Classification number 658.42 ANI;1 R
100 ## - MAIN ENTRY--PERSONAL NAME
Personal name Anitha Arunsinha. Padma Srinivasan.
245 #0 - TITLE STATEMENT
Title Entrepreneurship in India
260 ## - PUBLICATION, DISTRIBUTION, ETC. (IMPRINT)
Date of publication, distribution, etc. NULL
Name of publisher, distributor, etc. Icfai
Place of publication, distribution, etc. Hyderabad
650 ## - SUBJECT ADDED ENTRY--TOPICAL TERM
Topical term or geographic name as entry element Entrepreneurship,India
942 ## - ADDED ENTRY ELEMENTS (KOHA)
Koha item type Books
Holdings
Date last seen Total Checkouts Full call number Accession number Old discount Cost, replacement price Price effective from Category Public note Lost status Damaged status Department Withdrawn status bill no. bill date Permanent Location Current Location Shelving location Entry date Vendor Cost, normal purchase price Grants Currency symbol Conversion rate Discount Discount type
26/01/2024   658.42 ANI;1 R 65238   38.00 26/01/2024 Books 65238     Central Library   1993 25/02/2014 Central Library Central Library Central Library 08/09/2010 ICFAI Press 38.00 MBA RS 1   Rupees
26/01/2024   658.42 ANI;2 R1 65239   38.00 26/01/2024 Books 65239     F-Block Annex   1993 25/02/2014 Central Library Central Library F-Block Library Annex 08/09/2010 ICFAI Press 38.00 MBA RS 1   Rupees

© For any Suggestions or Query, please contact the library staff @ librarian@pes.edu or Phone: +9180 2672 1983/ 2108.